[Event "Ottawa Eastern Ontario op"]
[Site "Ottawa"]
[Date "1988.09.17"]
[Round "2"]
[White "Kerr, Christian"]
[Black "Brodie, Hugh"]
[Result "1-0"]
[WhiteElo "1823"]
[BlackElo "1992"]
[PlyCount "93"]
[EventDate "1988.09.17"]
[EventType "swiss"]
[EventRounds "5"]
[EventCountry "CAN"]
[SourceTitle "EXT 2022"]
[Source "ChessBase"]
[SourceDate "2021.10.06"]
[SourceVersion "1"]
[SourceVersionDate "2021.10.06"]
[SourceQuality "1"]

1. e4 c5 2. Nf3 Nc6 3. d3 d6 4. Nbd2 g6 5. g3 Bg7 6. Bg2 e5 7. a4 Nge7 8. Nc4 0-0 9. 0-0 f5 10. c3 Na5 11. Nxa5 Qxa5 12. b4 Qc7 13. Qb3+ Kh8 14. Ng5 h6 15. Ne6 Bxe6 16. Qxe6 Rf6 17. Qb3 Nc6 18. exf5 gxf5 19. bxc5 dxc5 20. f4 exf4 21. Bxf4 Qd7 22. Rfd1 Re8 23. Rab1 b6 24. Qc2 Rfe6 25. Rd2 Be5 26. Rf1 Bxf4 27. Rxf4 Re1+ 28. Rf1 Qe6 29. Rdf2 Rxf1+ 30. Rxf1 Ne5 31. h3 Ng6 32. Kh2 Qe5 33. d4 cxd4 34. Rxf5 Qg7 35. cxd4 Qxd4 36. Rf7 Nf8 37. Rxa7 Re1 38. h4 Qg1+ 39. Kh3 Qd4 40. Qc7 Qf6 41. Rb7 Ra1 42. Rxb6 Qf5+ 43. Kh2 Rxa4 44. Rxh6+ Kg8 45. Qd6 Rg4 46. Rf6 Qc8 47. Bd5+ 1-0